000 00367nam a2200157Ia 4500
003 OSt
005 20240129111756.0
008 170524s9999 xx 000 0 und d
020 _a978-9325969025
040 _cIIMT UNIVERSITY
100 _aMaheshwari- S. N.
100 _c2010
245 3 _aAN INTRODUCTION TO ACCOUNTANCY
260 _aVikas Pub.
942 _2ddc
_c02
999 _c2411
_d2411